Applied finite mathematics / (Record no. 179806)
[ view plain ]
| 000 -LEADER | |
|---|---|
| fixed length control field | 01089 a2200241 4500 |
| 003 - CONTROL NUMBER IDENTIFIER | |
| control field | NUST |
| 005 - DATE AND TIME OF LATEST TRANSACTION | |
| control field | 20221027182052.0 |
| 010 ## - LIBRARY OF CONGRESS CONTROL NUMBER | |
| LC control number | 86070799 |
| 020 ## - INTERNATIONAL STANDARD BOOK NUMBER | |
| International Standard Book Number | 0155029401 |
| 040 ## - CATALOGING SOURCE | |
| Transcribing agency | Nust |
| 082 00 - DEWEY DECIMAL CLASSIFICATION NUMBER | |
| Classification number | 510,ANT |
| 100 1# - MAIN ENTRY--PERSONAL NAME | |
| Personal name | Anton, Howard. |
| 9 (RLIN) | 8661 |
| 245 10 - TITLE STATEMENT | |
| Title | Applied finite mathematics / |
| Statement of responsibility, etc. | Howard Anton, Bernard Kolman, Bonnie Averbach ; with the assistance of Charles G. Denlinger. |
| 250 ## - EDITION STATEMENT | |
| Edition statement | 4th ed. |
| 260 ## - PUBLICATION, DISTRIBUTION, ETC. | |
| Place of publication, distribution, etc. | San Diego : |
| Name of publisher, distributor, etc. | Harcourt Brace Jovanovich, |
| Date of publication, distribution, etc. | c1988. |
| 300 ## - PHYSICAL DESCRIPTION | |
| Extent | vii, 639 p. : |
| Other physical details | ill. ; |
| Dimensions | 25 cm. |
| 505 ## - FORMATTED CONTENTS NOTE | |
| Formatted contents note | Set Theory (Page-1), Coordinate Sys And Graphs (Page-30), Functions (Page-87), Linear Programming (Page-111), Matrices And Linear Sys (Page-135), Linear Programming, An Algebraic Approach (Page-189), Counting Techniques (Page-230), Probability (Page-274), Statistics And Probability (Page-340), Mathematics Of Finance (Page-421), Applications (Page-462). |
| 650 #0 - SUBJECT ADDED ENTRY--TOPICAL TERM | |
| Topical term or geographic name entry element | Mathematics. |
| 700 1# - ADDED ENTRY--PERSONAL NAME | |
| Personal name | Averbach, Bonnie, |
| Dates associated with a name | 1933- |
| 9 (RLIN) | 101581 |
| 700 1# - ADDED ENTRY--PERSONAL NAME | |
| Personal name | Denlinger, Charles G. |
| 9 (RLIN) | 101582 |
| 700 1# - ADDED ENTRY--PERSONAL NAME | |
| Personal name | Kolman, Bernard, |
| Dates associated with a name | 1932- |
| 9 (RLIN) | 17978 |
| 942 ## - ADDED ENTRY ELEMENTS (KOHA) | |
| Source of classification or shelving scheme | |
| Koha item type | Book |
| Call number prefix | 510,ANT |
| Withdrawn status | Lost status | Source of classification or shelving scheme | Damaged status | Not for loan | Permanent Location | Current Location | Shelving location | Date acquired | Full call number | Barcode | Date last seen | Price effective from | Koha item type | Public note |
|---|---|---|---|---|---|---|---|---|---|---|---|---|---|---|
| Military College of Signals (MCS) | Military College of Signals (MCS) | General Stacks | 12/12/2016 | 510,ANT | MCS26758 | 12/08/2016 | 12/12/2016 | Book Bank | Almirah No. A/135, Shelf No.2 |
